[Event "RUS-ch Higher League 69th"]
[Site "Kolomna"]
[Date "2016.06.25"]
[Round "4"]
[White "Vavulin, Maksim"]
[Black "Oparin, Grigoriy"]
[Result "0-1"]
[WhiteElo "2507"]
[BlackElo "2597"]
[Annotator "Besenthal,K"]
[PlyCount "74"]
[EventDate "2016.06.22"]
[EventType "swiss"]
[EventRounds "9"]
[EventCountry "RUS"]
[SourceTitle "CBM 174"]
[Source "ChessBase"]
[SourceDate "2016.09.13"]
[SourceVersion "1"]
[SourceVersionDate "2016.09.13"]
[SourceQuality "1"]

1. e4 c5 2. Nf3 d6 3. d4 cxd4 4. Nxd4 Nf6 5. Nc3 a6 6. Be3 e5 7. Nb3 Be6 8. f4
{Diagramm [#] Ein relativ selten gespielter Zug.} (8. f3 {ist die mit Abstand
meistgespielte, ruhige Alternativ.}) 8... exf4 9. Bxf4 Nc6 10. Qd2 d5 11. O-O-O
Bb4 12. Qd3 Bxc3 13. Qxc3 O-O 14. exd5 (14. e5 Ne4 $15) (14. Bd3 {wäre
richtig schlecht:} dxe4 15. Bxe4 Nxe4 16. Rxd8 (16. Qe3 $4 Bd5 $1 17. c4 Nb4
18. cxd5 Qc8+ 19. Kb1 Qf5 $19) 16... Nxc3 17. Rxf8+ Rxf8 18. bxc3 $15) 14...
Nxd5 15. Qg3 Rc8 16. Bd6 Re8 17. Bd3 $6 (17. Bc4 $1) 17... Qf6 18. Kb1 Ndb4 19.
Rhf1 Qh6 20. Be4 {Diagramm [#] Weiß hat Vorteil: Er besitzt das Läuferpaar
bei vollkommen offener Stellung und die Koordination der schwarzen Figuren ist
nicht optimal.} Qh5 21. Rde1 Rcd8 $6 (21... Qb5 $1) 22. a3 Bd5 $2 {Diagramm [#]
Danach steht Schwarz auf Verlust.} (22... Nd5 {war besser, auch wenn Weiß nach
} 23. Nc5 {deutlich im Vorteil bleibt.}) 23. Nc5 Ba2+ (23... Bxe4 24. Nxe4 Nd5
25. c4) 24. Kc1 Bc4 25. Rf3 $6 (25. Nxb7 {war einfach und gut.}) 25... Nd4 26.
Rfe3 $2 (26. axb4 Ne2+ 27. Rxe2 Bxe2 28. Re3 $16) 26... Ne2+ $2 (26... f5 $1
$14) 27. R3xe2 Na2+ 28. Kb1 Bxe2 29. Nxb7 Rc8 30. Bf3 Qb5 {Diagramm [#]} 31.
Kxa2 $4 (31. Be5 $1 {war geeignet, die auf b2 drohende Gefahr zu entschärfen:}
Rxe5 32. Nd6 Nc3+ 33. Ka1 Qc5 34. Nxc8 Qc4 35. Bd5 Rxd5 36. Qxc3) 31... Rxc2
32. Bb4 Qc4+ 33. Kb1 Rc1+ {Grundreihe, weißes Feldernetz: Weiß geht an
seinen Schwächen zugrunde.} 34. Rxc1 Bd3+ 35. Ka1 Qxc1+ 36. Ka2 Qb1+ 37. Kb3
Qc2+ 0-1

[Event "Moscow Aeroflot op-A 15th"]
[Site "Moscow"]
[Date "2016.03.06"]
[Round "6"]
[White "Bartel, Mateusz"]
[Black "Artemiev, Vladislav"]
[Result "1-0"]
[WhiteElo "2625"]
[BlackElo "2674"]
[Annotator "Besenthal,K"]
[PlyCount "79"]
[EventDate "2016.03.01"]
[EventType "swiss"]
[EventRounds "9"]
[EventCountry "RUS"]
[SourceTitle "CBM 171"]
[Source "ChessBase"]
[SourceDate "2016.03.14"]
[SourceVersion "2"]
[SourceVersionDate "2016.03.14"]
[SourceQuality "1"]

1. e4 c5 2. Nf3 d6 3. d4 cxd4 4. Nxd4 Nf6 5. Nc3 a6 6. Nb3 g6 7. Be2 Bg7 8. g4
h6 {Diagramm [#] Der letzte Zug von Schwarz findet sich nicht in der Datenbank
- fast ein wenig überraschend in diesem frühen Stadium der Partie -, doch er
ist sicher nicht schlecht.} 9. Be3 Nc6 10. f3 b5 11. Qd2 Be6 12. O-O-O Rc8 13.
Kb1 Ne5 14. h4 Bc4 15. Bd4 {Diagramm [#] Dieser Läufer steht durchaus drohend,
wenn man an sein ungedecktes Gegenüber auf g7 denkt.} Qc7 ({So gesehen wäre} 
15... Nc6 {vielleicht vorzuziehen gewesen.}) 16. f4 Bxe2 $6 (16... Nexg4 $4 17.
Bxg4 Nxg4 18. Bxg7 {ist natürlich keine Option.}) (16... Nc6 {wäre aber
besser gewesen.}) 17. Qxe2 {Diagramm [#] Weiß hat jetzt Vorteil, den er bis
zum Ende der Partie nicht mehr hergibt. Der in der Mitte stehen gebliebene
schwarze König, der ungedeckte Läufer g7, der Hebel e4-e5 - das ist zu viel!}
Nexg4 18. e5 dxe5 19. fxe5 Qc4 20. exf6 Qxe2 21. Nxe2 Bxf6 22. h5 $1 {Diagramm
[#] Bevor Schwarz zu h6-h5 kommt, schafft Weiß lieber weitere Schwächen im
schwarzen Lager. Durch diese neuen Schwächen spazieren die weißen Springer
sogleich tief in die schwarze Stellung hinein.} g5 23. Ng3 Bxd4 24. Rxd4 Ne5
25. Re4 f6 $2 {Schwarz schwächt sich ohne Not noch weiter; auf e6 entsteht
ein neues Loch!} 26. Rf1 Rc4 27. Nd4 Rc5 28. Ne6 Rc6 29. Ng7+ Kd7 30. N3f5 Rg8
31. Rd4+ Kc7 32. Nxe7 Rxg7 33. Nxc6 Nxc6 34. Rd2 g4 35. Rxf6 g3 36. Rg6 Rxg6
37. hxg6 h5 38. Re2 Nd4 39. Rg2 Nf5 40. Rxg3 {Eine rustikale Lösung, mit der
Weiß die Partie unmittelbar beendet.} 1-0

[Event "FRA-ch 91st"]
[Site "Agen"]
[Date "2016.08.19"]
[Round "7"]
[White "Jolly, Jean Francois"]
[Black "Feller, Sebastien"]
[Result "1-0"]
[WhiteElo "2361"]
[BlackElo "2602"]
[Annotator "Besenthal,K/Primel,D"]
[PlyCount "81"]
[EventDate "2016.08.13"]
[EventType "tourn"]
[EventRounds "9"]
[EventCountry "FRA"]
[EventCategory "14"]
[SourceTitle "CBM 174"]
[Source "ChessBase"]
[SourceDate "2016.09.13"]
[SourceVersion "1"]
[SourceVersionDate "2016.09.13"]
[SourceQuality "1"]
[TimeControl "40/5400+30:1800+30"]

1. e4 {[%emt 0:00:00]} c5 {[%emt 0:00:00]} 2. Nf3 {[%emt 0:00:24]} d6 {[%emt 0:
00:00]} 3. d4 {[%emt 0:00:16]} cxd4 {[%emt 0:00:00]} 4. Nxd4 {[%emt 0:00:05]}
Nf6 {[%emt 0:00:00]} 5. Nc3 {[%emt 0:00:05]} a6 {[%emt 0:02:59]} 6. Nb3 {
[%emt 0:05:37] Cette ligne secondaire a fait l'objet d'un article théorique
SOS dans le numéro 4/2016 de New In chess} e6 {[%emt 0:00:37]} (6... g6 7. Be2
Bg7 8. Be3 Nc6 9. Nd5 O-O 10. Nxf6+ Bxf6 11. c3 b5 12. f4 Bb7 13. Bf3 Na5 14.
Nxa5 Qxa5 15. a3 Qc7 16. O-O Rfd8 17. Re1 Rac8 18. Qe2 e5 19. Qf2 exf4 20. Bxf4
Be5 21. Bg5 Re8 22. Kh1 a5 23. Rad1 Bc6 24. Be3 b4 25. Bb6 Qb7 26. Bxa5 bxa3
27. bxa3 Ba4 28. Rc1 Qe7 29. Bb4 Qf6 30. Rf1 h5 31. Be2 Qxf2 32. Rxf2 Bd4 33.
Rff1 Be3 34. Ra1 Rxe4 35. Bf3 Re7 36. Rfe1 {Nakamura,H (2787)-Vachier Lagrave,
M (2789) Leuven 2016 0-1 (68)}) 7. g4 {[%emt 0:00:30]} b5 {[%emt 0:02:09]} 8.
Bg2 {[%emt 0:00:22]} Bb7 {[%emt 0:00:12]} 9. g5 {[%emt 0:00:29]} Nfd7 {[%emt 0:
00:13]} (9... b4 10. Nd5 Nxd5 (10... exd5 11. gxf6 dxe4 $13 {Bosch, J ( N.I.C
2016/4)}) 11. exd5 {Bartel,M (2625)-Wojtaszek,R (2713) POL-ch Poznan 2016 (5)
1-0}) 10. Be3 {[%emt 0:03:05]} Ne5 $146 {[%emt 0:16:16]} (10... b4 11. Ne2 Ne5
12. Ned4 Nc4 13. Qe2 Nxe3 14. Qxe3 Nd7 15. f4 Qb6 16. Qh3 e5 17. fxe5 Nxe5 18.
O-O-O g6 19. Kb1 Bg7 20. Ne6 Bf8 21. Nxf8 Kxf8 22. Rhf1 Bc8 23. Qh6+ Kg8 24. h3
Ra7 25. Rf6 Rd7 26. Nd4 Rd8 27. Rff1 Qc7 28. Nf5 gxf5 29. exf5 Qe7 30. Bd5 Rd7
31. Rg1 Qf8 32. Qh4 Bb7 33. Bb3 Nf3 34. g6 {1-0 (34) Miroshnichenko,E (2616)
-Idani,P (2560) Guilan 2016}) 11. Qe2 {[%emt 0:02:32]} Nc4 {[%emt 0:01:19]} 12.
O-O-O {[%emt 0:00:25]} Nd7 {[%emt 0:00:59]} 13. f4 {[%emt 0:15:31]} Be7 {
[%emt 0:20:57]} 14. h4 {[%emt 0:03:35]} Rc8 {[%emt 0:03:45]} 15. Bd4 {[%emt 0:
10:22]} (15. Kb1) 15... e5 $6 {[%emt 0:18:12]} (15... b4 $142 16. Nd5 $5 {
[%cal Ge2e8]}) 16. fxe5 {[%emt 0:04:52]} dxe5 {[%emt 0:00:23]} (16... Ndxe5 {
Plus thématique dans une sicilienne.} 17. Bh3) 17. Bf2 {[%emt 0:02:49]} Qc7 {
[%emt 0:01:31]} 18. Bh3 {[%emt 0:12:13]} Rd8 {[%emt 0:00:06]} 19. Bxd7+ {
[%emt 0:03:43]} Rxd7 {[%emt 0:00:06]} 20. Rxd7 {[%emt 0:00:03]} Qxd7 {[%emt 0:
00:29]} 21. Nc5 {[%emt 0:00:25]} Qc7 {[%emt 0:05:59]} 22. Nxb7 {[%emt 0:00:10]}
Qxb7 {[%emt 0:00:05]} 23. Rd1 {[%emt 0:05:42]} O-O {[%emt 0:14:58]} 24. Nd5 {
[%emt 0:00:48]} Bd6 {[%emt 0:05:16]} (24... Rc8) 25. h5 {[%emt 0:02:53]} Qc8 {
[%emt 0:02:08]} 26. Qf3 {[%emt 0:03:19]} (26. h6 $40) 26... Qd8 {[%emt 0:02:34]
} 27. Qg4 {[%emt 0:05:53]} Qc8 {[%emt 0:01:26]} 28. Qg3 {[%emt 0:00:27]} Qe6 {
[%emt 0:00:32]} 29. Qf3 {[%emt 0:02:42] Weiß steht besser: Sein Angriff ist
weiter fortgeschritten und er hat den besseren Läufer. Die Positionierung des
Springers ist sowieso ideal, während der Sc4 von seinem Platz verdrängt
werden kann. Das Material ist aber bereits stark reduziert, so dass man sich
einen unmittelbaren Durchbruch des Anziehenden kaum vorstellen kann.} (29. Nf6+
Kh8) 29... h6 $2 {[%emt 0:00:42] Ein solcher Zug auf dem Flügel, wo man
angegriffen wird, grenzt fast an Harakiri - Weiß darf sich jetzt bereits auf
die Öffnung der g-Linie freuen. Man muss aber natürlich sagen, dass die
Situation kompliziert und in ihrer Gesamtheit schwer zu beurteilen war.} (29...
Rc8 {oder}) (29... Be7 {was nicht nur eine gute Verteidigung gegen einen
Überfall mit Sf6+ gewesen wäre, sondern auch dem Sc4 ein Rückzugsfeld
eröffnet hätte, wären natürliche Züge gewesen.}) 30. b3 {[%emt 0:10:14]}
Ba3+ {[%emt 0:00:03]} (30... hxg5 31. bxc4 bxc4 32. Rg1 $18) (30... Na5 31.
gxh6 Qxh6+ 32. Be3 Qe6 {und Weiß hält alle Trümpfe in der Hand.}) 31. Kb1 {
[%emt 0:00:10]} Rb8 {[%emt 0:00:03]} (31... Nd6 32. gxh6 Qxh6 33. Be3 Qe6 34.
h6 $18) 32. Qg3 {[%emt 0:03:20]} (32. gxh6) 32... hxg5 {[%emt 0:01:27]} 33.
Qxg5 {[%emt 0:00:14]} Kh8 {[%emt 0:00:31]} (33... Qh6 34. Qxh6 gxh6 35. bxc4
bxc4+ 36. Nb6 $18) 34. Rg1 $18 {[%emt 0:00:53]} Qh6 {[%emt 0:00:28]} 35. Qxh6+
{[%emt 0:01:10]} gxh6 {[%emt 0:00:01]} 36. bxc4 {[%emt 0:00:17]} bxc4+ {
[%emt 0:00:02]} 37. Nb6 {[%emt 0:00:06]} Bb4 {[%emt 0:01:19]} 38. Kc1 {[%emt 0:
00:21]} Bc3 {[%emt 0:00:42]} 39. Nxc4 {[%emt 0:01:40]} Rb4 {[%emt 0:00:28]} 40.
Nd2 {[%emt 0:01:02]} Ra4 {[%emt 0:00:32]} 41. Bh4 {[%emt 0:05:49] Et le
quimpérois réalise une norme de GMI après cette ronde.} 1-0

[Event "Mukachevo m"]
[Site "Mukachevo"]
[Date "2009.09.25"]
[Round "5"]
[White "Short, Nigel D"]
[Black "Efimenko, Zahar"]
[Result "1-0"]
[WhiteElo "2706"]
[BlackElo "2654"]
[Annotator "Bischoff,K"]
[PlyCount "115"]
[EventDate "2009.09.20"]
[EventType "match"]
[EventRounds "6"]
[EventCountry "UKR"]
[SourceTitle "CBM 133"]
[Source "ChessBase"]
[SourceDate "2009.11.19"]
[SourceVersion "1"]
[SourceVersionDate "2009.11.19"]
[SourceQuality "1"]

{So we have four games played and White could not win a single game yet. Today
we will see Nigel's last try with the white pieces.} 1. e4 c5 2. Nf3 d6 3. d4
cxd4 4. Nxd4 Nf6 5. Nc3 a6 6. a4 {# Zahar goes for a Najdorf once again and
Nigel is trying a sideline this time.} Nc6 7. Be2 e5 8. Nxc6 $5 bxc6 9. f4 Be7
({I would have gone for} 9... Nd7 {immediately, but my engines are not too
impressed.}) 10. a5 $5 {# This is really becoming strange now. Combining f4
and a4-a5 does not look great. But Nigel creates space all over the board.} O-O
11. O-O exf4 12. Bxf4 Be6 13. Kh1 {Black has two plans now. He can either go
for Nd7-e5 or he can try to prepare d5. Zahar tries to play it as flexibly as
possible. But if he wants to chose the first plan he could have played Qb8 to
speed it up.} Qc7 14. Qd2 Rfd8 15. h3 $1 {# Amazing! Nigel seems to think that
he has plenty of time. Anyway, if he can afford such a move, his position
cannot be so bad.} Qb7 {Black is now ready for d5.} 16. Qe3 d5 17. Be5 {#} Nxe4
(17... dxe4 $6 {is by no means a transposition. After} 18. Qg3 $1 Kh8 19. Nxe4
Ne8 20. Rae1 {White is in the driving seat.}) 18. Nxe4 dxe4 19. Qxe4 Bd5 20.
Qg4 g6 21. Qf4 c5 22. Bf3 (22. Kg1 $5 {is interesting. Black has to do
something against Rad1 and Rxd5. After} Qb4 $6 23. c4 Be6 24. Bc3 Qb8 25. Qh6 {
Black could be lost.}) 22... f5 23. Bc3 Bd6 24. Qh4 Bxf3 25. Rxf3 (25. Qf6 $6 {
is too optimistic. After} Bxg2+ 26. Kg1 Be4 $1 {there is no mate.}) 25... Qf7
26. Re1 Re8 27. Rfe3 Rxe3 28. Rxe3 Bf8 29. b3 Rc8 30. Qe1 {Nigel still has
annoying pressure. I have to admit, that the a5-pawn is a strong trump now.} c4
31. b4 f4 $2 {#Did he overlook 36.Rf6? Now everything is forced.} 32. Re6 $1 f3
33. Qe5 Bg7 34. Qxg7+ Qxg7 35. Bxg7 f2 36. Rf6 Kxg7 37. Rxf2 c3 38. Rf4 Rd8 {
the best chance.} ({starting with} 38... g5 $2 {is even worse after} 39. Rd4 $1
) 39. Rc4 Rd1+ 40. Kh2 Rb1 41. Kg3 Rb2 42. Rxc3 Rxb4 43. Rc6 g5 44. Kf3 Rb5 45.
Rxa6 Rc5 {#} 46. c4 $1 {It is important for White to protect his passed pawn
from the side. Nigel could not keep both queenside-pawns anyway. So he makes
sure that he gets Rb6 and a6 in.} Rxc4 47. Rb6 h5 48. a6 Ra4 49. Ke3 Ra2 50.
Rb7+ Kf6 51. a7 Kf5 52. g3 Ra4 53. Kd3 Ra1 54. Kd4 h4 55. gxh4 gxh4 56. Kc5 {
on his way to b8. After Kf4 there is always Rg7.} Kf4 57. Rg7 Kf3 58. Kb6 {
#Black resigned. A great game by Nigel!} 1-0

[Event "Interzonal-14a"]
[Site "Subotica"]
[Date "1987.??.??"]
[Round "14"]
[White "Tal, Mihail"]
[Black "Marjanovic, Slavoljub"]
[Result "1-0"]
[WhiteElo "2605"]
[BlackElo "2505"]
[Annotator "Boensch,U"]
[PlyCount "83"]
[EventDate "1987.06.??"]
[EventType "tourn"]
[EventRounds "17"]
[EventCountry "YUG"]
[EventCategory "11"]
[SourceTitle "CBM 003"]
[Source "ChessBase"]
[SourceDate "1988.04.01"]
[SourceVersion "1"]
[SourceVersionDate "1988.04.01"]
[SourceQuality "1"]

1. e4 c5 2. Nf3 d6 3. d4 cxd4 4. Nxd4 Nf6 5. Nc3 a6 6. a4 e5 7. Nf3 Qc7 8. Bg5
Nbd7 9. Nd2 h6 10. Bh4 Be7 (10... g5 $142 11. Bg3 Nc5) 11. Nc4 $5 (11. Bc4 $5)
11... b6 (11... g5 12. Bg3 Nc5) 12. Ne3 Bb7 13. Bc4 (13. Nf5 g5) (13. Ncd5 Nxd5
14. Nxd5 Bxd5 15. Qxd5 Ra7 16. Bxe7 Kxe7 17. Bc4 Rf8 {/\ Nf6+/=}) 13... Qc5 (
13... Nxe4 14. Nxe4 Bxe4 15. Qg4) (13... g5 14. Bg3 Nxe4 15. Nxe4 Bxe4 16. Bd5
Bxd5 17. Qxd5 {/\ Nf5}) 14. O-O Rc8 (14... g5 15. Bg3 h5 16. f3 $1) 15. Qe2 (
15. Bxf6 Nxf6 16. Bd5 Nxd5 17. Ncxd5 Bd8 $16) 15... g5 16. Bg3 Nxe4 17. Nxe4
Bxe4 18. Bxa6 Rc7 19. Ra3 $1 (19. f3 {/\ Bf2+/-}) 19... d5 (19... Qa5 20. f3 {
/\ Be1}) 20. f3 Bg6 (20... d4 $2 21. fxe4 dxe3 22. Rc3 Qd6 23. Rd1 $18) 21. Rc3
Qd6 22. Nxd5 Rc5 23. Nxe7 Kxe7 24. Rd1 Qc7 25. Bb5 Rd8 26. Be1 $6 (26. Rxd7+
Rxd7 27. Bxe5 Qxe5 28. Re3 Rd1+ 29. Kf2 Rxc2 $16) (26. Rxc5 Qxc5+ 27. Bf2 Qxc2
28. Rxd7+ Rxd7 29. Qxe5+ Kf8 30. Bxd7 Qd1+ 31. Be1 Qxd7 32. Bb4+ Kg8 33. Qb8+
$1 Kh7 34. Bc3 f6 35. Qxb6 $18) 26... f6 27. Rd5 Rxc3 28. Bxc3 Nc5 29. Rxd8
Qxd8 30. b3 Qd6 (30... Ne6 31. Bb4+ Kf7 32. Bc4 Qd4+ 33. Kf1 Qa1+ 34. Kf2 Qd4+
35. Qe3 Qxe3+ 36. Kxe3 Bxc2 37. g4 $1 $18) 31. Be1 $1 Ne6 32. c3 Nc5 (32... Nf4
33. Qd2 Nd3 34. Bf2) 33. b4 Nd3 34. Qd2 h5 (34... Nxe1 35. Qxe1 Bd3 36. Bxd3
Qxd3 37. a5 $18) 35. Bf2 Ke6 36. Qe3 Nxf2 37. Kxf2 h4 38. a5 bxa5 39. bxa5 Qa3
40. a6 Ke7 41. a7 Bf7 (41... Be8 42. Bxe8 (42. Be2 Qa5) 42... Qa2+ 43. Ke1 Qa1+
44. Ke2 Qa2+ 45. Qd2 Qc4+ 46. Qd3 Qa2+ 47. Kd1 Qa1+ 48. Kd2 Qa2+ 49. Qc2 Qd5+
50. Ke1 $18) 42. a8=Q (42. a8=Q Qxa8 43. Qc5+) 1-0

[Event "Linares 13th"]
[Site "Linares"]
[Date "1995.03.17"]
[Round "13"]
[White "Shirov, Alexei"]
[Black "Ljubojevic, Ljubomir"]
[Result "1/2-1/2"]
[WhiteElo "2710"]
[BlackElo "2580"]
[Annotator "Boensch,U"]
[PlyCount "94"]
[EventDate "1995.03.01"]
[EventType "tourn"]
[EventRounds "13"]
[EventCountry "ESP"]
[EventCategory "17"]
[SourceTitle "CBM 046"]
[Source "ChessBase"]
[SourceDate "1995.06.01"]
[SourceVersion "1"]
[SourceVersionDate "1995.06.01"]
[SourceQuality "1"]

1. e4 c5 2. Nf3 d6 3. d4 cxd4 4. Nxd4 Nf6 5. Nc3 a6 6. Be3 e5 7. Nb3 Be6 8. f3
Be7 (8... Nbd7 9. g4 Be7 10. Qd2 O-O 11. g5 Nh5 12. O-O-O Rc8 13. Rg1 Qc7 14.
Nd5 Bxd5 15. exd5 Nb6 16. Rg4 f5 17. Rb4 Nd7 18. h4 g6 $14 {Nunn,J-De Firmian,
N San Francisco (10) 1995 1/2 36 - CBM 46}) 9. Qd2 d5 $5 $146 (9... O-O 10.
O-O-O a5 $6 11. Bb5 (11. Kb1 a4 12. Nc1 a3 13. b3 Ra5 14. Bc4 Bxc4 15. bxc4 Qc8
16. Nb3 Ra6 17. Qe2 Rc6 $13 {Bologan,V-Loginov,V Moscow olm (10) MDA-UZB 1994
1-0 30 - EXP 44}) 11... Na6 12. Kb1 Nc7 13. Qe2 Nxb5 14. Qxb5 a4 15. Nc5 a3 16.
b3 $14 {Iordachescu,V-Zagrebelny,S Moscow1 (07) 1995 1-0 84 - CBM 46}) (9...
Nbd7 10. O-O-O (10. g4 h6 (10... Nb6 11. O-O-O O-O 12. Rg1 Rc8 13. g5 Nfd7 14.
Nd5 Nxd5 15. exd5 Bf5 16. Bd3 $14 {Jonsson,B-De Firmian,N Akureyri 1994 1-0 40}
) 11. O-O-O (11. h4 b5 12. Rg1 $146 b4 13. Na4 d5 14. g5 d4 15. Bxd4 Bxb3 16.
gxf6 Bxf6 17. axb3 exd4 18. O-O-O Ne5 19. f4 $3 $16 {Anand,V-Kamsky,G Linares 
(01) 1994 1-0 39}) 11... b5 12. Kb1 Nb6 13. Bxb6 Qxb6 14. h4 b4 15. Nd5 Bxd5
16. exd5 a5 17. Bh3 a4 18. Nc1 Ra5 19. g5 Nxd5 20. Ne2 Rc5 21. Ka1 Qc6 22. Bf5
{1/2 Lanka,Z-Piesina,G Vilnius zt 1993}) 10... Qc7 11. Kb1 b5 12. g4 Nb6 13.
Nd5 $2 Nfxd5 14. exd5 Nxd5 15. Bg5 Bxg5 16. Qxg5 O-O $17 {Lukasiewicz,
A-Litinskaya Shul,M POL-chT Lubniewice (03) 1994 0-1 26 - CBM 46}) 10. exd5
Nxd5 11. Nxd5 Qxd5 (11... Bxd5 12. O-O-O Be6 13. Nc5 $14 (13. Qc3 Nd7 14. Bc4
Bxc4 (14... Rc8 $2 15. Bxe6 Rxc3 16. Bxd7+ Qxd7 17. Rxd7 Rxe3 18. Rxb7 $18) 15.
Qxc4 Rc8 16. Qe4 Qc7 $10)) 12. Qxd5 Bxd5 13. O-O-O Be6 14. Na5 b5 (14... Bc8
15. Nc4 $16) 15. Bd3 (15. c4 Nd7 $1 $10 (15... Bb4 $2 16. Nb7 Nd7 17. a3 $16))
15... f5 16. Rhe1 Nd7 (16... Bb4 17. Bd2 $16) 17. Nc6 Rc8 18. Nxe7 $14 {^^}
Kxe7 19. Bd2 Kf6 $2 (19... Kf7 20. Bc3 Rc5 $14) 20. Bc3 {Jetzt wird die
Drohung f3-f4 sehr unangenehm.} g5 21. g3 Rxc3 $1 {Das typische
Sizi-Qualitätsopfer reicht zum knappen Ausgleich.} (21... f4 22. gxf4 gxf4 23.
Be4 (23. Re4 $2 Rxc3 24. bxc3 Bd5 25. Ree1 Bxf3 26. Be2 Bxe2 27. Rxe2 (27. Rxd7
$2 f3 $15) 27... Ke6 $15) 23... Rc7 24. Rd6 $16) 22. bxc3 Rc8 (22... Bxa2 23.
Bxb5 $18) 23. c4 {Weiß opfert sofort einen seiner c -P, da der Nd7 ungedeckt
ist kann Schwarz nicht mit einer Figur auf c4 schlagen und verliert ein
schönes Blockadefeld.} bxc4 24. Bf1 Rc6 25. Re3 h5 26. f4 e4 27. Ra3 h4 28. Rd4
hxg3 29. hxg3 gxf4 30. gxf4 Ke7 31. Ra5 {Obwohl Shirov seine Türme maximal
aktiviert hat, hällt die schwarze Festung.} Kf6 32. Kd2 Ke7 33. c3 Kf6 34. Ke3
Ke7 35. Bh3 Nc5 (35... Kf6 $2 36. Rdd5 $1 Bxd5 37. Rxd5 Ke7 38. Bxf5 Nf6 39.
Re5+ $18) 36. Bxf5 {Jetzt gewinnt Weiß einen P, aber das Turmendspiel könnte
remis sein.} Bxf5 37. Rd5 Nb7 38. Rxf5 Nxa5 39. Rxa5 Rd6 $1 {Aktives Spiel ist
unbedingt erforderlich.} (39... Re6 $2 40. f5 Rh6 41. Kxe4 $18) 40. Kxe4 Rd3
41. Rxa6 $2 {Deutlich größere Probleme hat Schwarz nach} (41. Ra3 $1 a5 42. Ke5
{Weiß schlägt erst den a -P nach dem er seine Königsstellung verbessert hat.
Für die Abwicklung in ein Turmendspiel a+c P steht der schwarze K ziemlich
schlecht. zB.} Re3+ 43. Kd4 Rf3 44. Kxc4 Rxf4+ 45. Kb5 Rf5+ 46. Kb6 $18) 41...
Rxc3 42. f5 Rh3 43. Ke5 Re3+ 44. Kd4 Rf3 45. Re6+ Kd7 46. Re5 c3 47. Rc5 Kd6 {
Wegen der Drohung Rf4+ verliert Weiß seinen f -P.} 1/2-1/2